|
|
|
|
| LEADER |
00000nam a22000007a 4500 |
| 005 |
20140505153245.0 |
| 007 |
cr|||| |||| |
| 008 |
140505c20129999co |||| s|||| 0||| 1spa d |
| 035 |
|
|
|a 12093
|
| 040 |
|
|
|a vLex
|
| 090 |
|
|
|c 4904
|d 4904
|
| 245 |
0 |
0 |
|a Conflicto & Sociedad
|h [Recurso electrn̤ico]
|
| 256 |
|
|
|a Servicio en ln̕ea
|
| 260 |
|
|
|a [s.l.] :
|b Unisabaneta,
|c 2012 -
|
| 300 |
|
|
|a 1 recurso electrn̤ico
|
| 310 |
|
|
|a Semestral
|
| 362 |
|
|
|a Nm︢. 1 (2012) -
|
| 506 |
1 |
|
|a Contenido solo disponible en los productos indicados
|d vLex Global
|d vLex Global (Academic Edition, excluding Law Schools)
|d vLex Global (U.S. Academic Edition, Law Schools)
|d vLex Global (U.S. Academic Edition, excluding Law Schools)
|d vLex Global (Academic Edition, Law Schools)
|
| 650 |
0 |
4 |
|a Derechos civiles
|v Revistas
|z Colombia
|
| 650 |
0 |
4 |
|a Ciencias Sociales
|v Revistas
|z Colombia
|
| 740 |
0 |
|
|a vLex Revistas (Servicio en ln̕ea)
|
| 856 |
4 |
0 |
|u http://vlex.com/source/12093
|z Acceso restrignido
|
| 942 |
|
|
|c REV
|
| 999 |
0 |
|
|a Civil rights
|
| 999 |
0 |
|
|a Social sciences
|